Heer Waris Shah / (Record no. 523894)

000 -LEADER
fixed length control field 00373nam a22001697a 4500
003 - CONTROL NUMBER IDENTIFIER
control field NUST
020 ## - INTERNATIONAL STANDARD BOOK NUMBER
International Standard Book Number 8126004215
038 ## - RECORD CONTENT LICENSOR
Staff Name waseem
082 ## - DEWEY DECIMAL CLASSIFICATION NUMBER
Classification number 891.42
Author Mark SEK
100 ## - MAIN ENTRY--PERSONAL NAME
Personal name Sekhon, Sant Singh
9 (RLIN) 14714
245 ## - TITLE STATEMENT
Title Heer Waris Shah /
Statement of responsibility, etc. Sant Singh Sekhon
300 ## - PHYSICAL DESCRIPTION
Extent 338 p. ;
500 ## - GENERAL NOTE
General note Paperback.
880 ## - ALTERNATE GRAPHIC REPRESENTATION
Linkage 100-02\r
880 ## - ALTERNATE GRAPHIC REPRESENTATION
Linkage 245-02\r
942 ## - ADDED ENTRY ELEMENTS (KOHA)
Source of classification or shelving scheme
Koha item type Book
Holdings
Withdrawn status Lost status Source of classification or shelving scheme Damaged status Not for loan Permanent Location Current Location Date acquired Total Checkouts Full call number Barcode Date last seen Price effective from Koha item type
          Central Library (CL) Central Library (CL) 06/10/2019   891.42 SEK CL-E-2161 06/10/2019 06/10/2019 Book
© 2023 Central Library, National University of Sciences and Technology. All Rights Reserved.